000 00373nam a22001577a 4500
005 20170330114519.0
008 170330b xxu||||| |||| 00| 0 eng d
020 _a978-81-318-0861
041 _aeng
100 _aPUMIA,DR.BALCHANDRA
_93728
245 _aSARVEKSHAN EVAM CHETRA KARYA PART 2
260 _c2011
300 _a311
650 _aMASS.COMM
_93727
942 _cBK
999 _c5354
_d5352